000 004600000a22001210004500
090 _aAS
_bSeriadas
245 1 0 _aNueva especie de Pentacallia subgénero Pentacalia (<Asteraceae-Senecioneae>) de Colombia
041 0 _aEspañol
700 1 _aMéndez Ramírez, Gina Paola
_999106
100 1 _aDíaz Piedrahita, Santiago
_995842
942 _cARTICULO
773 1 _tRevista de la Academia Colombiana de Ciencias Exactas, Fisicas y Naturales
_332
_h80
_q205-208
_d1997
_g21
999 _c14087
_d14087